La Curia Romana: el gobierno central de la iglesia

Na minha lista:
Detalhes bibliográficos
Autor principal: Delgado, Gregorio (Autor)
Formato: Livro
Idioma:espanhol
Publicado em: Pamplona EUNSA 1973
coleção:Canónica de la Universidad de Navarra
Assuntos:
Tags: Adicionar Tag
Sem tags, seja o primeiro a adicionar uma tag!

MARC

LEADER 00000nam a2200000 a 4500
001 UCX2391
003 CL-VaPUC
008 910509e19730000SP |||||||||||||||||spa|d
082 0 4 |a 262.1  |b DEL  |2 21 
100 0 |a Delgado, Gregorio  |e author  |9 318309 
245 1 3 |a La Curia Romana: el gobierno central de la iglesia 
300 |a 531 p 
942 |c BK 
945 |d 19910509 00:00:00 
260 |a Pamplona  |b EUNSA  |c 1973 
650 0 |a Gobierno eclesiástico  |9 258471 
650 7 |a IGLESIA CATOLICA GOBIERNO  |2 CL-VaPUC  |9 258427 
583 |a last modification  |c 19910509 00:00:00  |k Rodrigo Vera 
490 0 |a Canónica de la Universidad de Navarra 
999 |c 223424  |d 223422 
952 |0 0  |1 0  |4 0  |6 262_100000000000000_DEL_1973  |7 0  |8 A  |9 219199  |a BIBTEO  |b BIBTEO  |d 2019-11-15  |i 2879638  |o 262.1 DEL 1973  |p 2879638  |r 2025-01-17  |w 2019-11-15  |y BK  |k ICR 
952 |0 0  |1 0  |4 0  |6 262_100000000000000_DEL_1973  |7 0  |8 A  |9 219200  |a BIBDER  |b BIBDER  |d 2019-11-15  |i 1809083  |o 262.1 DEL 1973  |p 1809083  |r 2023-01-25  |w 2019-11-15  |y BK  |k DER